000 01834cam a22003735a 4500
003 EG-ScBUE
005 20220407133522.0
008 180829s2006 enka f b 001 0 eng d
020 _a0199297347
020 _a9780199297344
040 _aEG-ScBUE
_beng
_erda
_cEG-ScBUE
_dEG-ScBUE
082 0 4 _a409.4
_bHEI
_222
100 1 _aHeine, Bernd,
_d1939-
_eauthor.
245 1 4 _aThe changing languages of Europe /
_cBernd Heine, Tania Kuteva.
264 1 _aOxford :
_bOxford University Press,
_c2006.
300 _axvii, 356 pages :
_billustrations, maps ;
_c24 cm.
336 _2rdacontent
_atext
_btxt
337 _2rdamedia
_aunmediated
_bn
338 _2rdacarrier
_avolume
_bnc
490 0 _aOxford linguistics
504 _aIncludes bibliographical references and index.
520 _a"Professor Heine and Professor Kuteva look for the causes of linguistic change in cultural and economic exchanges across national and regional boundaries and in the processes that occur when speakers learn or are in close contact with another language. Testing their data and conclusions against findings from elsewhere in the world, the authors reconstruct and reveal when, how, and why common grammatical structures"
650 7 _aAreal linguistics.
_2BUEsh
650 7 _aLinguistic change.
_2BUEsh
650 7 _aTypology (Linguistics)
_2BUEsh
651 7 _aEurope
_xLanguages.
_2BUEsh
653 _bHHUUEENN
_cSeptember2018
655 _vReading book
_934232
700 1 _aKuteva, Tania,
_d1958-
_eauthor.
856 4 1 _3Table of contents
_uhttp://www.loc.gov/catdir/toc/ecip0614/2006016458.html
856 4 1 _3Contributor biographical information
_uhttp://www.loc.gov/catdir/enhancements/fy0726/2006016458-b.html
856 4 1 _3Publisher description
_uhttp://www.loc.gov/catdir/enhancements/fy0726/2006016458-d.html
942 _2ddc
_cBB
999 _c6661
_d6661